Using bivalves in an alternative testing method of freshwater pollution with heavy metals

In order to test an alternative method on freshwater pollution with heavy metals, individuals of Unio crassus were exposed in cagcs in polluted reaches of the Some? River. Their time-related bioaccumulation was registered and compared with control samples.

Elmentve itt :
Bibliográfiai részletek
Szerzők: Sárkány-Kiss Endre
Braun Mihály
Dokumentumtípus: Könyv része
Megjelent: 2002
Sorozat:Tiscia monograph series
Ecological aspects of the Tisa River Basin : 10 years anniversary regional conference 21nd - 24th March 2002., Târgu Mureş, Romania
Kulcsszavak:Tisza - ökológia
Tárgyszavak:
Online Access:http://acta.bibl.u-szeged.hu/10261
LEADER 01211naa a2200241 i 4500
001 acta10261
005 20220304132820.0
008 161015s2002 hu o 0|| eng d
022 |a 1418-0448 
040 |a SZTE Egyetemi Kiadványok Repozitórium  |b hun 
041 |a eng 
100 2 |a Sárkány-Kiss Endre 
245 1 0 |a Using bivalves in an alternative testing method of freshwater pollution with heavy metals  |h [elektronikus dokumentum] /  |c  Sárkány-Kiss Endre 
260 |c 2002 
300 |a 93-98 
490 0 |a Tiscia monograph series 
490 0 |a Ecological aspects of the Tisa River Basin : 10 years anniversary regional conference 21nd - 24th March 2002., Târgu Mureş, Romania 
520 3 |a In order to test an alternative method on freshwater pollution with heavy metals, individuals of Unio crassus were exposed in cagcs in polluted reaches of the Some? River. Their time-related bioaccumulation was registered and compared with control samples. 
650 4 |a Természettudományok 
650 4 |a Föld- és kapcsolódó környezettudományok 
695 |a Tisza - ökológia 
700 0 1 |a Braun Mihály  |e aut 
856 4 0 |u http://acta.bibl.u-szeged.hu/10261/1/tiscia_mono_006_093-098.pdf  |z Dokumentum-elérés